000 00289cam a2200109ua 4500
082 _a574.5076
_bTYA/UG
100 _aTyagi, Anil .
_91559
245 _aUGC NET/SLET: Environmental science /
260 _aNew Delhi :
_bDanika Publishing Company ,
_c2007.
300 _a472 ; .
942 _cREF
999 _c13382
_d13382